|
|
|
|
| LEADER |
00000nam0a2200000 4500 |
| 001 |
309588 |
| 005 |
20231102002214.0 |
| 035 |
|
|
|a (RuTPU)RU\TPU\book\334927
|
| 090 |
|
|
|a 309588
|
| 100 |
|
|
|a 20151116d1981 m y0rusy5003 ca
|
| 101 |
0 |
|
|a rus
|
| 102 |
|
|
|a RU
|
| 105 |
|
|
|a a g 001zy
|
| 200 |
1 |
|
|a Справочник мастера-сантехника
|f Б. А. Журавлев
|
| 205 |
|
|
|a 5-е изд., перераб. и доп.
|
| 210 |
|
|
|a Москва
|c Стройиздат
|d 1981
|
| 215 |
|
|
|a 432 с.
|c ил.
|
| 320 |
|
|
|a Библиогр.: с. 428
|
| 606 |
1 |
|
|a Санитарно-технические работы
|2 stltpush
|3 (RuTPU)RU\TPU\subj\53797
|9 71962
|
| 610 |
1 |
|
|a справочники
|
| 610 |
1 |
|
|a контрольно-измерительные приборы
|
| 610 |
1 |
|
|a арматура
|
| 610 |
1 |
|
|a отопительное оборудование
|
| 610 |
1 |
|
|a станки
|
| 610 |
1 |
|
|a механизмы
|
| 610 |
1 |
|
|a заготовительные работы
|
| 610 |
1 |
|
|a сварочные работы
|
| 610 |
1 |
|
|a техника безопасности
|
| 675 |
|
|
|a 696/697.057(035)
|z rus
|v 4
|
| 700 |
|
1 |
|a Журавлев
|b Б. А.
|g Борис Алексеевич
|4 070
|
| 801 |
|
0 |
|a RU
|b RuMRKP
|c 19950704
|g psbo
|
| 801 |
|
1 |
|a RU
|b 63413507
|c 20151116
|
| 801 |
|
2 |
|a RU
|b 63413507
|c 20171018
|g RCR
|
| 942 |
|
|
|c BK
|